[Event "Scarborough CC-ch Reserves U1700"]
[Site "Toronto"]
[Date "2011.04.07"]
[Round "7"]
[White "Farhang, Arvin"]
[Black "Liu, Peter"]
[Result "1-0"]
[WhiteElo "1586"]
[BlackElo "1324"]
[PlyCount "39"]
[EventDate "2011.02.24"]
[EventType "swiss"]
[EventRounds "9"]
[EventCountry "CAN"]
[SourceTitle "EXT 2022"]
[Source "ChessBase"]
[SourceDate "2021.10.06"]
[SourceVersion "1"]
[SourceVersionDate "2021.10.06"]
[SourceQuality "1"]

1. d4 Nf6 2. c4 g6 3. Nc3 Bg7 4. e4 d6 5. Nf3 Bg4 6. Be2 0-0 7. 0-0 Nc6 8. Be3 e5 9. d5 Nb8 10. Rc1 Nh5 11. Ne1 Bxe2 12. Qxe2 Qf6 13. Nd3 c6 14. c5 dxc5 15. Bxc5 Rd8 16. Rfd1 Nf4 17. Nxf4 Qxf4 18. Be7 Bf6 19. Bxd8 Bxd8 20. Nb5 1-0

[Event "Scarborough CC-ch Reserves U1700"]
[Site "Toronto"]
[Date "2011.03.03"]
[Round "2"]
[White "Liu, Peter"]
[Black "Liao, Jacky"]
[Result "0-1"]
[WhiteElo "1324"]
[BlackElo "997"]
[PlyCount "114"]
[EventDate "2011.02.24"]
[EventType "swiss"]
[EventRounds "9"]
[EventCountry "CAN"]
[SourceTitle "EXT 2022"]
[Source "ChessBase"]
[SourceDate "2021.10.06"]
[SourceVersion "1"]
[SourceVersionDate "2021.10.06"]
[SourceQuality "1"]

1. e4 c5 2. Nf3 d6 3. d4 cxd4 4. Nxd4 Nf6 5. Nc3 Nc6 6. Be3 e5 7. Nf3 Ng4 8. Qd2 Nxe3 9. Qxe3 Be6 10. Bb5 a6 11. Bxc6+ bxc6 12. Qd3 Be7 13. 0-0-0 0-0 14. h4 Qa5 15. a3 Rfb8 16. Nd2 Qb6 17. b4 a5 18. Nc4 Bxc4 19. Qxc4 axb4 20. Qxb4 Qxf2 21. Rd2 Qxd2+ 22. Kxd2 Rxb4 23. axb4 Rb8 24. Na2 d5 25. exd5 cxd5 26. c3 Ra8 27. Nc1 Ra1 28. Re1 e4 29. g3 Bd6 30. Re3 f5 31. Nb3 Ra2+ 32. Ke1 Rg2 33. Nd4 Bxg3+ 34. Kf1 Rf2+ 35. Kg1 Bxh4 36. b5 Rd2 37. Rh3 Bf2+ 38. Kf1 Bxd4 39. cxd4 Rb2 40. Rc3 Rxb5 41. Rc5 Rxc5 42. dxc5 Kf7 43. Ke2 d4 44. Kd2 Ke6 45. Ke2 Kd5 46. c6 Kxc6 47. Kf2 f4 48. Ke2 Kd5 49. Kd2 f3 50. Kd1 e3 51. Ke1 d3 52. Kf1 d2 53. Kg1 d1Q+ 54. Kh2 Qe2+ 55. Kh3 Qg2+ 56. Kh4 h6 57. Kh5 Qg5# 0-1

[Event "Scarborough CC Falling Leaves U1700"]
[Site "Toronto"]
[Date "2010.10.28"]
[Round "1"]
[White "Smith, Maurice"]
[Black "Liu, Peter"]
[Result "1-0"]
[WhiteElo "1563"]
[BlackElo "1253"]
[PlyCount "129"]
[EventDate "2010.10.28"]
[EventType "swiss"]
[EventRounds "7"]
[EventCountry "CAN"]
[SourceTitle "EXT 2022"]
[Source "ChessBase"]
[SourceDate "2021.10.06"]
[SourceVersion "1"]
[SourceVersionDate "2021.10.06"]
[SourceQuality "1"]

1. d4 Nf6 2. c4 d6 3. Nc3 g6 4. e4 Bg7 5. Nf3 c5 6. dxc5 dxc5 7. Qxd8+ Kxd8 8. Ne5 Be6 9. Nf3 Nc6 10. Be3 b6 11. 0-0-0+ Ke8 12. Be2 Na5 13. Nd5 Bxd5 14. exd5 Ne4 15. Bd3 Nd6 16. b3 a6 17. Rhe1 Rc8 18. Bf4 Nf5 19. Bxf5 gxf5 20. d6 Rd8 21. Rxe7+ Kf8 22. Rde1 Nc6 23. R7e2 Nb4 24. Rd1 b5 25. a3 Nc6 26. Rde1 Na5 27. Kc2 Nc6 28. d7 f6 29. Bd6+ Kf7 30. Bxc5 Rxd7 31. Rd2 Rxd2+ 32. Nxd2 bxc4 33. Nxc4 Rc8 34. Nd6+ Kg6 35. Nxc8 Bh6 36. Ne7+ Nxe7 37. Bxe7 Bf4 38. g3 Bc7 39. Re6 Be5 40. Rxa6 Kf7 41. Ra7 Kg6 42. f4 Bd4 43. Ra6 Kf7 44. Bd6 Bg1 45. a4 Bxh2 46. Ra7+ Ke6 47. Rxh7 Bxg3 48. Bb8 Bf2 49. a5 Kd5 50. a6 Ke4 51. a7 Bxa7 52. Rxa7 Kf3 53. b4 Ke4 54. Rd7 Ke3 55. b5 Ke4 56. b6 Ke3 57. b7 Ke4 58. Bc7 Ke3 59. b8Q Kf3 60. Qb4 Kg4 61. Rg7+ Kf3 62. Qd4 Ke2 63. Qd3+ Ke1 64. Qe3+ Kf1 65. Rg1# 1-0

[Event "Toronto Howard Ridout Swiss U1700"]
[Site "Toronto"]
[Date "2010.09.30"]
[Round "4"]
[White "Liu, Peter"]
[Black "Aghamalian, Leonid"]
[Result "1-0"]
[WhiteElo "1219"]
[BlackElo "1457"]
[PlyCount "79"]
[EventDate "2010.09.09"]
[EventType "swiss"]
[EventRounds "6"]
[EventCountry "CAN"]
[SourceTitle "EXT 2022"]
[Source "ChessBase"]
[SourceDate "2021.10.06"]
[SourceVersion "1"]
[SourceVersionDate "2021.10.06"]
[SourceQuality "1"]

1. e4 e5 2. Nf3 Nf6 3. Nc3 Bb4 4. Bc4 d6 5. d3 0-0 6. 0-0 Nc6 7. Bg5 Na5 8. Nd5 Bc5 9. Nxf6+ gxf6 10. Bh6 Re8 11. a3 Nxc4 12. dxc4 Kh8 13. b4 Bb6 14. a4 a5 15. c3 Rg8 16. Nh4 Qd7 17. Nf5 Rg6 18. Qd5 Qe8 19. Be3 Bxf5 20. exf5 Rg8 21. Bxb6 cxb6 22. Qxd6 Qc6 23. Qxc6 bxc6 24. b5 c5 25. Rad1 Rad8 26. f4 e4 27. Rfe1 Rd3 28. Rxd3 exd3 29. Rd1 Rd8 30. Kf2 Kg8 31. Ke3 Kf8 32. Rxd3 Rxd3+ 33. Kxd3 Ke7 34. Ke4 Kd6 35. g4 h6 36. h4 Ke7 37. Kd5 Kd7 38. g5 fxg5 39. fxg5 hxg5 40. hxg5 1-0

[Event "Toronto Howard Ridout Swiss U1700"]
[Site "Toronto"]
[Date "2010.09.16"]
[Round "2"]
[White "Liu, Peter"]
[Black "Azizi, Hamid"]
[Result "1/2-1/2"]
[WhiteElo "1219"]
[BlackElo "1545"]
[PlyCount "103"]
[EventDate "2010.09.09"]
[EventType "swiss"]
[EventRounds "6"]
[EventCountry "CAN"]
[SourceTitle "EXT 2022"]
[Source "ChessBase"]
[SourceDate "2021.10.06"]
[SourceVersion "1"]
[SourceVersionDate "2021.10.06"]
[SourceQuality "1"]

1. e4 c6 2. d4 d5 3. Nc3 Nf6 4. e5 Nfd7 5. Nf3 Nb6 6. Bd3 Bg4 7. h3 Bh5 8. 0-0 e6 9. a3 c5 10. Bg5 Be7 11. Bb5+ N6d7 12. Bxe7 Qxe7 13. dxc5 Qxc5 14. Qd4 0-0 15. Bxd7 Nxd7 16. Qxc5 Nxc5 17. b4 Nd7 18. Nd4 Nxe5 19. f4 Nc4 20. g4 Bg6 21. f5 exf5 22. gxf5 Bh5 23. Nxd5 Rad8 24. Ne7+ Kh8 25. Rf4 Ne3 26. Rh4 Rfe8 27. c3 Rxe7 28. Rxh5 Rd5 29. Re1 g6 30. Rg5 Nxf5 31. Rxe7 Nxe7 32. Rg4 Re5 33. Kf2 Nd5 34. c4 Ne3 35. Rf4 f5 36. c5 g5 37. Rf3 f4 38. a4 Nd1+ 39. Kf1 Ne3+ 40. Kf2 Re4 41. Nb5 a6 42. Nd6 Rxb4 43. Nf7+ Kg7 44. Nxg5 Kg6 45. Ne6 Kf5 46. Nxf4 Rxf4 47. Kxe3 Rxf3+ 48. Kxf3 h5 49. a5 h4 50. Ke3 Ke5 51. Kf3 Kf5 52. Ke3 1/2-1/2

[Event "CAN-ch U10"]
[Site "Quebec"]
[Date "2008.07.16"]
[Round "7"]
[White "Roberge, Alexandre"]
[Black "Liu, Peter"]
[Result "0-1"]
[WhiteElo "889"]
[BlackElo "799"]
[PlyCount "79"]
[EventDate "2008.07.14"]
[EventType "swiss"]
[EventRounds "7"]
[EventCountry "CAN"]
[SourceTitle "EXT 2011"]
[Source "ChessBase"]
[SourceDate "2010.11.26"]
[SourceVersion "1"]
[SourceVersionDate "2010.11.26"]
[SourceQuality "1"]

1. e4 c5 2. Nf3 d6 3. Nc3 Nf6 4. Bc4 h6 5. d3 g6 6. 0-0 Bg7 7. h3 0-0 8. Be3 Nc6 9. Bd2 Bd7 10. Be3 Rc8 11. Re1 e5 12. a3 Nd4 13. Rb1 Nxf3+ 14. Qxf3 Nh5 15. b4 cxb4 16. axb4 Qe8 17. b5 Be6 18. Bxe6 Qxe6 19. Nd5 Rxc2 20. b6 a6 21. Nc7 Qa2 22. Rf1 Rc8 23. Rbe1 Rf8 24. h4 Rb2 25. Rb1 Rxb1 26. Rxb1 Qxb1+ 27. Kh2 a5 28. g4 Nf6 29. g5 hxg5 30. hxg5 Ne8 31. d4 d5 32. Nxd5 Nd6 33. Nc7 Nb5 34. Qh3 Rc8 35. Bd2 a4 36. Qh4 Nxd4 37. Ba5 Nf3+ 38. Kh3 Nxh4 39. Kxh4 Qh1+ 40. Kg4 0-1